Dime Cuantas Veces REMIX - Micro TDH, Rels B, Lenny Tavárez... - Estadísticas

Estadísticas generales
  • Esta prueba ha sido intentada 30 veces
  • La puntuación promedio es 163 de 375
Estadísticas de respuestas
Letra % Correcto
a
100%
ah
75%
ahora
75%
cuántas
75%
Di
75%
Dime
75%
dime
75%
me
75%
no
75%
No
75%
nos
75%
o
75%
75%
Si
75%
veces
75%
y
75%
Y
75%
ama
50%
amamo
50%
amamos
50%
amo
50%
cada
50%
cama
50%
cómo
50%
Como
50%
como
50%
con
50%
cuando
50%
Cuando
50%
cuento
50%
cuerpo
50%
de
50%
De
50%
día
50%
dicho
50%
digo
50%
dónde
50%
e
50%
El
50%
el
50%
en
50%
En
50%
Es
50%
eso
50%
estás
50%
ha
50%
la
50%
lo
50%
más
50%
mi
50%
na
50%
ni
50%
noche
50%
odiamos
50%
Pa
50%
peleamo
50%
Peleamo
50%
Por
50%
por
50%
que
50%
quiere
50%
quieres
50%
Sabe
50%
se
50%
50%
50%
su
50%
te
50%
tu
50%
50%
un
50%
va
50%
vez
50%
volverás
50%
ya
50%
acá
25%
alcoba
25%
amanezca
25%
arreglamo
25%
arreglamos
25%
Así
25%
diga
25%
ello
25%
ere
25%
Eres
25%
eres
25%
estén
25%
Ey
25%
haber
25%
hace
25%
hacerlo
25%
hacía
25%
hasta
25%
le
25%
llama
25%
loca
25%
mismo
25%
nadie
25%
Nadie
25%
nunca
25%
odio
25%
olvidar
25%
olvidarme
25%
Pero
25%
poco
25%
solas
25%
vamos
25%
vas
25%
Vienes
25%
yo
25%
Yo
25%
acostao
0%
Aunque
0%
aunque
0%
baño
0%
bien
0%
bueno
0%
Casios
0%
celosa
0%
clásico
0%
cobarde
0%
Cómodo
0%
construyan
0%
deja
0%
del
0%
despacio
0%
Eh
0%
escrito
0%
escucho
0%
espacio
0%
estaba
0%
estábamo
0%
estábamos
0%
Este
0%
ex
0%
fantasma
0%
flaco
0%
fuerte
0%
gano
0%
gimnasio
0%
hacértelo
0%
hala
0%
hit
0%
igual
0%
Ja
0%
lacio
0%
lejos
0%
mami
0%
máscara
0%
muera
0%
mundial
0%
muy
0%
normal
0%
ocupe
0%
oh
0%
Oh
0%
orgullo
0%
palacio
0%
pasar
0%
peleamos
0%
pelo
0%
piensas
0%
Ponte
0%
quede
0%
Quién
0%
radio
0%
regalen
0%
Rolex
0%
sala
0%
Tengo
0%
tóxica
0%
voz
0%
No se encontraron pruebas coincidentes
Distribución de puntuación
Porcentaje de gente con cada puntuación
Porcentaje por número respondido
Historial de tus puntuaciones
No has intentado esta prueba.